Granada CF Squad 2013-2014 - Statistics

General Stats
  • This quiz has been taken 12 times
  • The average score is 16 of 24
Answer Stats
# Position Nation Player % Correct
22 DF Guadeloupe Dimitri Foulquier
100%
4 MF Spain Fran Rico
100%
- Coach Spain Lucas Alcaraz
100%
10 FW Algeria Yacine Brahimi
100%
9 FW Morocco Youssef El Arabi
100%
2 DF Cameroon Allan Nyom
86%
5 DF Spain Diego Maínz
86%
18 MF Chile Manuel Iturra
86%
7 FW Nigeria Odion Ighalo
86%
20 MF Spain Piti
86%
13 GK Spain Roberto Fernández
86%
16 DF Colombia Brayan Angulo
71%
11 FW Spain Dani Benítez
71%
1 GK Greece Orestis Karnezis
71%
21 FW Spain Riki
71%
19 DF France Alexandre Coeff
43%
8 MF Algeria Hassan Yebda
43%
24 DF Colombia Jeison Murillo
43%
15 DF Senegal Pape Diakhaté
43%
12 MF Argentina Diego Buonanotte
29%
23 FW France Michaël Pereira
29%
14 MF Spain Recio
29%
6 DF Chile Matías Campos Toro
14%
6 DF Portugal Tiago Ilori
14%
No matching quizzes found
Score Distribution
Percent of People with Each Score
Percentile by Number Answered
Your Score History
You have not taken this quiz